000 00602nam a2200193Ia 4500
005 20250508160836.0
008 008 250505s9999 xx 000 0 eng d
037 _aTextual
040 _aFEDL
_beng
_cFEDL
041 _aeng
_2eng
084 _a370.15, STE
_qFEDL
100 _aStephens J.M.
_9149173
245 0 _aDevelopment and classroom learning : An introducation to educational psychology
260 _aNew York, USA
_bHolt, Rinehart and Winston
_c1973
300 _axi,692p.
650 _aEducation - Philosophy
942 _cTEXL
_h370.15, STE
999 _c1366926
_d1366926